=LDR 00000nam 2200000 4500 =001 INLIS000000000031153 =005 20130612133237 =008 ***********************************Ind** =035 ##$$a0010-061300000031153 =041 ##$$a Ind =082 ##$$a 664.07 =090 ##$$a 664.07, Cah a =100 ##$$a Cahyadi, Wisnu =245 ##$$a Analisis dan aspek kesehatan, Bahan tambahan pangan, Wisnu Cahyadi =260 ##$$a 2008 $b Jakarta =300 ##$$a xiii, 371 hlm, ilus, 23 cm =650 ##$$a Makanan-Analisis Bahan Tambahan =850 ##$$a NBPNMAT =990 ##$$a 93337/BPAP-NTB/2014 =990 ##$$a 21400613/BPAP-NTB/20142014 =990 ##$$a 20902739 =990 ##$$a 21400613/BPAP-NTB/20142014